Loading...
| History - European | 0 | 7 | 1 | 0 | 65 | 42 | 59.86 | 1 | 1 | 0.00 | 0.00 |
| Mythology | 0 | 5 | 0 | 1 | 50 | 25 | 60.00 | 0 | 3 | 0.00 | 0.00 |
| History - World | 0 | 5 | 1 | 0 | 45 | 47 | 55.80 | 0 | 1 | 0.00 | 0.00 |
| Geography | 0 | 5 | 1 | 3 | 45 | 51 | 83.60 | 1 | 2 | 0.00 | 0.00 |
| History - Other | 0 | 4 | 0 | 1 | 40 | 14 | 73.00 | 0 | 2 | 0.00 | 0.00 |
| Religion | 0 | 4 | 0 | 0 | 40 | 55 | 87.75 | 1 | 1 | 0.00 | 0.00 |
| History - American | 0 | 3 | 0 | 0 | 30 | 26 | 38.33 | 1 | 3 | 0.00 | 0.00 |
| Fine Arts - Other | 0 | 3 | 0 | 2 | 30 | 48 | 92.00 | 1 | 1 | 0.00 | 0.00 |
| Painting/Sculpture | 0 | 3 | 1 | 2 | 25 | 107 | 111.33 | 0 | 0 | 0.00 | 0.00 |
| Current Events | 0 | 2 | 0 | 1 | 20 | 42 | 66.50 | 1 | 1 | 0.00 | 0.00 |
| Fine Arts - Classical Music | 0 | 2 | 0 | 2 | 20 | 108 | 112.00 | 0 | 0 | 0.00 | 0.00 |
| Social Science | 0 | 2 | 0 | 0 | 20 | 35 | 58.50 | 0 | 0 | 0.00 | 0.00 |
| Literature - American | 0 | 2 | 1 | 1 | 15 | 50 | 83.00 | 0 | 0 | 0.00 | 0.00 |
| Literature - British | 0 | 1 | 0 | 0 | 10 | 30 | 30.00 | 0 | 1 | 0.00 | 0.00 |
| Pop Culture | 0 | 1 | 0 | 0 | 10 | 15 | 15.00 | 1 | 1 | 0.00 | 0.00 |
| Science - Physics | 0 | 1 | 0 | 0 | 10 | 77 | 77.00 | 0 | 0 | 0.00 | 0.00 |
| Literature - European | 0 | 1 | 0 | 0 | 10 | 63 | 63.00 | 0 | 1 | 0.00 | 0.00 |
| Science - Chemistry | 0 | 0 | 1 | 0 | -5 | 0.00 | 0 | 0 | 0.00 | 0.00 |